00692nam a2200169 4500008004100000082001600041110008000057245009300137260003600230300003000266650003800296650004100334650002900375942000700404952009600411999001500507240105b |||||||| |||| 00| 0 eng d a305.42bUNI aUnited Nations Committee on the Elimination of Discrimination Against Women aTalibanisation & poor governance : bundermining CEDAW in Pakistan, second shadow report aLahore:bShirkat Gah, c[2007?] a ii, 41 p. : ill. ; 26 cm aPakistan- Politics and government aWomen- Legal status, laws, -Pakistan aWomen's rights- Pakistan cRP 00102ddc4070aMAINbMAINd2024-01-05l0o305.42 UNIpRAF4670r2024-01-05w2024-01-05yRP c4590d4590